<?xml version="1.0" encoding="UTF-8"?>
<collection xmlns="http://www.loc.gov/MARC21/slim">
 <record>
  <leader>     na                 </leader>
  <controlfield tag="001">INLIS000000000014540</controlfield>
  <controlfield tag="005">20241204015802</controlfield>
  <datafield tag="035" ind1=" " ind2=" ">
   <subfield code="a">0010-1224000004</subfield>
  </datafield>
  <datafield tag="245" ind1="1" ind2=" ">
   <subfield code="a">Dakwah moderat :</subfield>
   <subfield code="b">Paradigma dan strategi dakwah Syekh Gazali /</subfield>
   <subfield code="c">Dindin Solahudin</subfield>
  </datafield>
  <datafield tag="100" ind1="0" ind2=" ">
   <subfield code="a">Dindin Solahudin</subfield>
  </datafield>
  <datafield tag="300" ind1=" " ind2=" ">
   <subfield code="a">v, 238 hlm.; 24 cm.</subfield>
  </datafield>
  <datafield tag="700" ind1="0" ind2=" ">
   <subfield code="a">Iqbal Triadi Nugraha (Penyunting</subfield>
  </datafield>
  <datafield tag="260" ind1=" " ind2=" ">
   <subfield code="a">Bandung :</subfield>
   <subfield code="b">Simbiosa Rekatama Media,</subfield>
   <subfield code="c">2020</subfield>
  </datafield>
  <datafield tag="082" ind1=" " ind2=" ">
   <subfield code="a">297.74</subfield>
  </datafield>
  <datafield tag="084" ind1=" " ind2=" ">
   <subfield code="a">297.74 DIN d</subfield>
  </datafield>
  <datafield tag="020" ind1=" " ind2=" ">
   <subfield code="a">978-602-7973-96-1</subfield>
  </datafield>
  <datafield tag="650" ind1=" " ind2=" ">
   <subfield code="a">Dakwah Islam</subfield>
  </datafield>
  <datafield tag="520" ind1=" " ind2=" ">
   <subfield code="a">Seiring dengan proses perubahan sosial dan intelektual, perspektif umat Islam atas modernisasi dengan berbagai nilai yang dibawanya mengalami polarisasi. Dinamika pemikiran dan pergerakan dakwah pun mengalami perkembangan dan terbagi-bagi, yakni ekstrem kanan , ekstrem kiri, dan moderat. Di tengah perseteruan dua kubu ekstrem dalam bidang dakwah islam, konsep dakwah moderat diharapkan mampu menyediakan alternatif. &#13;
&#13;
Buku ini memusatkan kajian pada paradigma dan strategi dakwah moderat Syekh Gazali. Paradigma yang ditawarkan, yakni paradigma konstruktif, paradigma kritis, dan paradigma moderat; dan strategi dakwah yang fokus pada sendi-sendi universal, yang bisa mempersatukan masyarakat Islam, dan menghindari permasalahan kecil particular, yang sejauh ini membuat umat terpecah.</subfield>
  </datafield>
  <controlfield tag="008">241204                e          0 ind  </controlfield>
  <datafield tag="990" ind1=" " ind2=" ">
   <subfield code="a">024.3176/PC/24</subfield>
  </datafield>
  <datafield tag="990" ind1=" " ind2=" ">
   <subfield code="a">024.3177/PC/24</subfield>
  </datafield>
  <datafield tag="990" ind1=" " ind2=" ">
   <subfield code="a">024.3178/PC/24</subfield>
  </datafield>
 </record>
</collection>
